000
00387nam a2200133Ia 4500
008
151001s9999||||xx |||||||||||||| ||und||
100
_a
श्रीधर नार्वेकर
245
_a
आई मी बाळाची
250
_a
1
260
_b
मनोविकास प्रकाशन पुणे
260
_c
1999
300
_a
181
365
_b
24
999
_c
976279
_d
976276